000 00721nam a2200253Ia 4500
003 OSt
005 20220928125151.0
006 a|||||r|||| 00| 0
007 ta
008 220927b |||||||| |||| 00| 0 eng d
020 _c325
024 _a113282
037 _b176, 09/11/2011, Pioneer Book Distributors
_cTextual
040 _aSDCL
_cSDCL
_beng
041 _2eng
_aeng
082 _aD6,8(B),2, Q1
100 _aTsui Frank
245 0 _aManaging software projects.
260 _aNew Delhi
_bJones and Bartlett
_c2011
300 _axvii,337p.
_ccm.
650 _aI I C
942 _hD6,8(B),2, Q1
_cTEXL
_2CC
999 _c781327
_d781327